Programa de religión: Enseñanza General Básica
Shranjeno v:
| Korporativna značnica: | |
|---|---|
| Format: | Knjiga |
| Jezik: | španščina |
| Izdano: |
Santiago
Conferencia Episcopal de Chile
1999
|
| Teme: | |
| Oznake: |
Označite
Brez oznak, prvi označite!
|
MARC
| LEADER | 00000nam a2200000 a 4500 | ||
|---|---|---|---|
| 001 | UCL4991 | ||
| 003 | CL-VaPUC | ||
| 008 | 040227e19990000CL |||||||||||||||||spa|d | ||
| 082 | 0 | 4 | |a 248.82 |b CON |2 21 |
| 110 | 2 | |a Conferencia Episcopal de Chile |e author |9 482734 | |
| 245 | 1 | 0 | |a Programa de religión: Enseñanza General Básica |
| 300 | |a 30 p | ||
| 942 | |c BK | ||
| 945 | |d 20040227 00:00:00 |a cmena | ||
| 260 | |a Santiago |b Conferencia Episcopal de Chile |c 1999 | ||
| 650 | 0 | |a Educación religiosa |9 308312 | |
| 650 | 0 | |a Planificación del currículo |9 269599 | |
| 650 | 0 | |a Educación básica |9 224933 | |
| 583 | |a last modification |c 20040227 00:00:00 |k Rodrigo Vera | ||
| 999 | |c 307736 |d 307734 | ||
| 952 | |0 0 |1 2 |2 ddc |4 0 |6 248_820000000000000_CON_1999 |7 0 |8 A |9 373824 |a BIBTEO |b BIBTEO |d 2019-11-21 |i 3958329 |o 248.82 CON 1999 |p 3958329 |r 2019-11-21 |w 2019-11-21 |x Descarte 2019 |y BK |k ICR | ||
| 952 | |0 0 |1 0 |2 ddc |4 0 |6 248_820000000000000_CON_1999 |7 0 |8 A |9 373825 |a BIBTEO |b BIBTEO |d 2019-11-21 |i 3958337 |l 1 |m 1 |o 248.82 CON 1999 |p 3958337 |r 2025-01-17 |s 2024-04-19 |w 2019-11-21 |y BK |k ICR | ||